The owls of blossom wood lost and found / (Record no. 4459)

MARC details
000 -LEADER
fixed length control field 00908nam a22002537a 4500
001 - CONTROL NUMBER
control field 4459
003 - CONTROL NUMBER IDENTIFIER
control field FISKH
005 - DATE AND TIME OF LATEST TRANSACTION
control field 20240911092742.0
008 - FIXED-LENGTH DATA ELEMENTS--GENERAL INFORMATION
fixed length control field 240911b cb ||||| |||| 00| 0 eng d
040 ## - CATALOGING SOURCE
Original cataloging agency FISKH
Language of cataloging eng
Transcribing agency FISKH
Modifying agency FISKH
050 ## - LIBRARY OF CONGRESS CALL NUMBER
Classification number PZ7.C634
082 ## - DEWEY DECIMAL CLASSIFICATION NUMBER
Edition number 823.92
100 ## - MAIN ENTRY--PERSONAL NAME
Personal name Coe, Catherine
245 ## - TITLE STATEMENT
Title The owls of blossom wood lost and found /
Statement of responsibility, etc. Catherine Ceo
250 ## - EDITION STATEMENT
Edition statement First published in 2015
260 ## - PUBLICATION, DISTRIBUTION, ETC.
Place of publication, distribution, etc. London :
Name of publisher, distributor, etc. Scholastic,
Date of publication, distribution, etc. 2015.
300 ## - PHYSICAL DESCRIPTION
Extent 84 pages :
Other physical details illustrations ;
Dimensions 20 cm
520 ## - SUMMARY, ETC.
Summary, etc. Alex, Katie, and Eva can't wait for Blossom Wood's springtime celebration. The three best friends are helping the animals prepare when disaster strikes. Flo, the youngest deer, has gone missing, and no one knows where she is!
650 ## - SUBJECT ADDED ENTRY--TOPICAL TERM
Source of heading or term Fantasy
Form subdivision Animal fiction
650 ## - SUBJECT ADDED ENTRY--TOPICAL TERM
Source of heading or term Children's
Topical term or geographic name entry element Bird
700 ## - ADDED ENTRY--PERSONAL NAME
Personal name Kurilla, Renee
Dates associated with a name illustrator
942 ## - ADDED ENTRY ELEMENTS (KOHA)
Source of classification or shelving scheme Dewey Decimal Classification
Koha item type Books
Suppress in OPAC No
Holdings
Withdrawn status Lost status Source of classification or shelving scheme Damaged status Not for loan Collection Home library Current library Shelving location Date acquired Total Checkouts Full call number Barcode Date last seen Copy number Price effective from Koha item type
    Dewey Decimal Classification     Fiction Footprints International School Library Network Toul Kork Campus Footprints International School Library Network Toul Kork Campus TTP Secondary Fiction Bookshelves 09/11/2024   COE 823.92 PZ7.C634 2024-1909 09/11/2024 1 09/11/2024 Books